000 00805nam a2200217Ia 4500
003 Ost
005 20260507075257.0
008 260507s9999||||xx |||||||||||||| ||und||
020 _a978999570230
040 _cfsecg
041 _aara
082 _a330
100 _aعمر فوزي، فاروق
_eمؤلف
245 0 _aقراءات و مراجعات نقدية في التاريخ الاسلامي /
_c فاروق عمر فوزي
260 _aعمان:
_bدار مجدلاوي,
_c2007
300 _a377 صفحة؛
_c25 سم
520 _aمقالات قصيرة و بحوث تاريخية باللغة العربية و الانجليزية مع بعض المراجعات النقدية .
653 _aالبحث العلمي
653 _aالتاريخ الاسلامي
942 _cكتاب
999 _c43754
_d43754